[Event "Punta del Este Alekhiine op 1st"]
[Site "Punta del Este"]
[Date "2024.03.10"]
[Round "5"]
[White "Osores, Roberto"]
[Black "Barboza, Mauro"]
[Result "0-1"]
[WhiteElo "1779"]
[BlackElo "1890"]
[PlyCount "48"]
[EventDate "2024.03.08"]
[EventType "swiss"]
[EventRounds "5"]
[EventCountry "URU"]
[SourceTitle "CB13_2024"]
[SourceDate "2024.03.27"]
[SourceVersion "1"]
[SourceVersionDate "2024.03.27"]
[SourceQuality "1"]

1. d4 Nf6 2. Nf3 d5 3. Bg5 Bf5 4. Nbd2 e6 5. e3 h6 6. Bh4 c6 7. c4 Be7 8. Qb3 Qb6 9. Ne5 Nbd7 10. Nxd7 Nxd7 11. Bxe7 Kxe7 12. Qa3+ c5 13. cxd5 exd5 14. Rc1 Rhc8 15. dxc5 Nxc5 16. Be2 a5 17. 0-0 Qb4 18. Nb3 Nxb3 19. axb3 Bc2 20. Bd1 Qxa3 21. bxa3 Bd3 22. Rxc8 Rxc8 23. Bg4 f5 24. Re1 fxg4 0-1

[Event "Montevideo Duchamp Cup 7th"]
[Site "Montevideo"]
[Date "2024.02.06"]
[Round "6"]
[White "Barboza, Mauro"]
[Black "Fein, Jorge"]
[Result "1-0"]
[WhiteElo "1831"]
[BlackElo "1615"]
[PlyCount "81"]
[EventDate "2024.02.01"]
[EventType "swiss"]
[EventRounds "9"]
[EventCountry "URU"]
[SourceTitle "CB07_2024"]
[SourceDate "2024.02.14"]
[SourceVersion "1"]
[SourceVersionDate "2024.02.14"]
[SourceQuality "1"]

1. e4 e5 2. Nf3 Nc6 3. Bc4 Bc5 4. d3 Nf6 5. Be3 Bxe3 6. fxe3 d6 7. c3 a6 8. Bb3 0-0 9. 0-0 h6 10. Nbd2 Ne7 11. Nh4 Bg4 12. Qe1 Be6 13. Qg3 Kh7 14. Rf3 Nh5 15. Qf2 Bxb3 16. axb3 Nf6 17. Rf1 Neg8 18. Qg3 Nh5 19. Qh3 Nhf6 20. Nf5 Qd7 21. g4 d5 22. exd5 Qxd5 23. g5 e4 24. Nxe4 Nxe4 25. dxe4 Qxb3 26. gxh6 g6 27. Nd4 Qc4 28. b3 Qxc3 29. Rxf7+ Rxf7 30. Rxf7+ Kh8 31. h7 Qe1+ 32. Rf1 Qb4 33. hxg8Q+ Kxg8 34. Qe6+ Kh8 35. Qh3+ Kg8 36. Qe6+ Kh8 37. Qf7 Qc5 38. Rf3 Qc1+ 39. Kf2 Qb2+ 40. Ne2 Qe5 41. Rh3+ 1-0

[Event "Montevideo Duchamp Cup 7th"]
[Site "Montevideo"]
[Date "2024.02.05"]
[Round "5"]
[White "Ramirez, Agustin"]
[Black "Barboza, Mauro"]
[Result "1-0"]
[WhiteElo "1669"]
[BlackElo "1831"]
[PlyCount "67"]
[EventDate "2024.02.01"]
[EventType "swiss"]
[EventRounds "9"]
[EventCountry "URU"]
[SourceTitle "CB07_2024"]
[SourceDate "2024.02.14"]
[SourceVersion "1"]
[SourceVersionDate "2024.02.14"]
[SourceQuality "1"]

1. d4 Nf6 2. Nf3 d5 3. Bf4 c6 4. e3 Bf5 5. c4 Qb6 6. Qb3 Nbd7 7. Nc3 e6 8. c5 Qxb3 9. axb3 h6 10. h3 g5 11. Be5 Nxe5 12. Nxe5 Nd7 13. Nxd7 Kxd7 14. b4 Bg7 15. Kd2 e5 16. Bd3 Be6 17. Ne2 f6 18. b5 Kc7 19. bxc6 bxc6 20. b4 Rhb8 21. Ra4 e4 22. Ba6 f5 23. Rha1 Bf6 24. Nc3 Bd7 25. b5 cxb5 26. Rb4 Bc6 27. Rab1 f4 28. Bxb5 a5 29. R4b2 Ra7 30. Bxc6 Rxb2+ 31. Rxb2 fxe3+ 32. fxe3 Bxd4 33. Nb5+ Kxc6 34. Nxa7+ 1-0

[Event "Montevideo Duchamp Cup 7th"]
[Site "Montevideo"]
[Date "2024.02.04"]
[Round "4"]
[White "Barboza, Mauro"]
[Black "Cano, Carlos2"]
[Result "1/2-1/2"]
[WhiteElo "1831"]
[BlackElo "1611"]
[PlyCount "114"]
[EventDate "2024.02.01"]
[EventType "swiss"]
[EventRounds "9"]
[EventCountry "URU"]
[SourceTitle "CB07_2024"]
[SourceDate "2024.02.14"]
[SourceVersion "1"]
[SourceVersionDate "2024.02.14"]
[SourceQuality "1"]

1. e4 e5 2. Nf3 Nc6 3. Bc4 Nf6 4. d3 Bc5 5. Be3 Bb6 6. a3 d6 7. Nc3 0-0 8. h3 Be6 9. Nd5 Bxd5 10. exd5 Ne7 11. Bg5 Nd7 12. Ba2 f6 13. Bd2 Ng6 14. c4 Nc5 15. Qc2 Nf4 16. Bxf4 exf4 17. 0-0 Kh8 18. Nd4 Qc8 19. b4 Nd7 20. Ne6 Re8 21. Nxf4 Bd4 22. Rae1 Nf8 23. c5 Be5 24. Ne2 f5 25. d4 Bf6 26. Qd3 Qd7 27. Nf4 Re4 28. Rxe4 fxe4 29. Qxe4 Re8 30. Ne6 dxc5 31. dxc5 c6 32. Nxf8 Rxf8 33. d6 Re8 34. Qb1 g6 35. Re1 Rxe1+ 36. Qxe1 Kg7 37. Qe6 Qxe6 38. Bxe6 Kf8 39. Bd7 Bb2 40. a4 Ba3 41. b5 Bxc5 42. bxc6 bxc6 43. Bxc6 Bxd6 44. Kf1 a5 45. Ke2 g5 46. Kf3 Kg7 47. Kg4 h6 48. Kf5 Bc7 49. Kg4 Kf6 50. Kh5 Kg7 51. h4 Bd8 52. g3 gxh4 53. gxh4 Be7 54. f4 Bd8 55. Kg4 Be7 56. h5 Kf6 57. Be4 Bd8 1/2-1/2

[Event "WchT Seniors 50"]
[Site "Struga"]
[Date "2023.09.28"]
[Round "9.4"]
[White "Atanasovski, Blazhe"]
[Black "Barboza, Mauro"]
[Result "0-1"]
[WhiteElo "1663"]
[BlackElo "1777"]
[PlyCount "84"]
[EventDate "2023.09.19"]
[EventType "team-swiss"]
[EventRounds "9"]
[EventCountry "MKD"]
[SourceTitle "EXT 2024"]
[Source "ChessBase"]
[SourceDate "2023.10.10"]
[SourceVersion "1"]
[SourceVersionDate "2023.10.10"]
[SourceQuality "1"]
[WhiteTeam "Macedonia Blind 50"]
[BlackTeam "Uruguay 50"]
[WhiteTeamCountry "MKD"]
[BlackTeamCountry "URU"]

1. e4 e5 2. Nf3 Nc6 3. Bc4 Bc5 4. 0-0 Nf6 5. d4 Bxd4 6. Nxd4 Nxd4 7. f4 d6 8. fxe5 dxe5 9. Bg5 Be6 10. Na3 Qe7 11. Bxf6 gxf6 12. c3 Nc6 13. Kh1 Rg8 14. Qd2 Rg6 15. Bb5 Bd7 16. Nc2 0-0-0 17. Qf2 a6 18. Ba4 Rdg8 19. Rg1 Kb8 20. b4 Qe8 21. Rad1 b5 22. Bb3 Ne7 23. Ne3 Bc6 24. Nd5 Nxd5 25. Bxd5 Bxd5 26. Rxd5 Qc6 27. Qc2 Qc4 28. Rc5 Rxg2 29. Qxg2 Rxg2 30. Rxc4 Rxg1+ 31. Kxg1 bxc4 32. Kg2 Kc8 33. Kg3 Kd7 34. Kg4 Ke6 35. a4 c6 36. h4 h5+ 37. Kxh5 f5 38. Kg5 fxe4 39. h5 e3 40. h6 e2 41. h7 e1Q 42. h8Q Qg3+ 0-1

[Event "WchT Seniors 50"]
[Site "Struga"]
[Date "2023.09.23"]
[Round "5.4"]
[White "Thomas, Gary"]
[Black "Barboza, Mauro"]
[Result "0-1"]
[WhiteElo "1741"]
[BlackElo "1777"]
[PlyCount "50"]
[EventDate "2023.09.19"]
[EventType "team-swiss"]
[EventRounds "9"]
[EventCountry "MKD"]
[SourceTitle "EXT 2024"]
[Source "ChessBase"]
[SourceDate "2023.10.10"]
[SourceVersion "1"]
[SourceVersionDate "2023.10.10"]
[SourceQuality "1"]
[WhiteTeam "Wales Silures 50"]
[BlackTeam "Uruguay 50"]
[WhiteTeamCountry "WLS"]
[BlackTeamCountry "URU"]

1. d4 Nf6 2. e3 d5 3. Bd3 c6 4. Nf3 Bg4 5. Nbd2 e6 6. 0-0 Bd6 7. h3 Bh5 8. b3 Nbd7 9. Bb2 g5 10. e4 Bf4 11. c4 Bxd2 12. Qxd2 dxe4 13. Nxg5 exd3 14. d5 e5 15. Qxd3 h6 16. Nf3 e4 17. Rfe1 Kf8 18. Rxe4 Bg6 19. dxc6 Bxe4 20. Qd6+ Qe7 21. Qxe7+ Kxe7 22. cxd7 Bxf3 23. Re1+ Kxd7 24. Bxf6 Rhg8 25. g4 Rae8 0-1

[Event "WchT Seniors 50"]
[Site "Struga"]
[Date "2023.09.22"]
[Round "4.4"]
[White "Barboza, Mauro"]
[Black "Jhunjhnuwala, Suresh"]
[Result "1/2-1/2"]
[WhiteElo "1777"]
[BlackElo "1850"]
[PlyCount "104"]
[EventDate "2023.09.19"]
[EventType "team-swiss"]
[EventRounds "9"]
[EventCountry "MKD"]
[SourceTitle "EXT 2024"]
[Source "ChessBase"]
[SourceDate "2023.10.10"]
[SourceVersion "1"]
[SourceVersionDate "2023.10.10"]
[SourceQuality "1"]
[WhiteTeam "Uruguay 50"]
[BlackTeam "United States 5 Brothers 50"]
[WhiteTeamCountry "URU"]
[BlackTeamCountry "USA"]

1. e4 c5 2. Nf3 d6 3. d4 cxd4 4. Nxd4 Nf6 5. Nc3 a6 6. Be2 Qc7 7. Be3 b5 8. a3 Bb7 9. f3 Nbd7 10. Qd2 e6 11. 0-0 Be7 12. Rfd1 Rd8 13. Bxb5 0-0 14. Bf1 Ne5 15. Nb3 Nc4 16. Bxc4 Qxc4 17. Na5 Qc7 18. Nxb7 Qxb7 19. Rdb1 Qc6 20. Bg5 h6 21. Bf4 d5 22. exd5 Nxd5 23. Nxd5 Rxd5 24. Qe2 Rfd8 25. Kh1 Bg5 26. Bxg5 hxg5 27. Rd1 Qd7 28. Rxd5 Qxd5 29. c4 Qd4 30. h3 Qf4 31. b4 Rd2 32. Qe1 Qd4 33. c5 Qb2 34. Qf1 Rc2 35. Qb1 Qc3 36. Qe1 Qb2 37. Rd1 Rxg2 38. Qf1 Rf2 39. Qg1 Rxf3 40. Qg4 Rf6 41. Qe4 Rf5 42. c6 Qc3 43. Kg2 Qb2+ 44. Kh1 Qc3 45. Kg2 Qb2+ 46. Kh1 g6 47. c7 Qc3 48. Qxf5 gxf5 49. Rd8+ Kh7 50. c8Q Qe1+ 51. Kg2 Qe2+ 52. Kg1 Qe1+ 1/2-1/2

[Event "URU Regional Este"]
[Site "Punta del Este"]
[Date "2022.08.14"]
[Round "4"]
[White "Cano, Carlos2222"]
[Black "Barboza, Mauro"]
[Result "0-1"]
[WhiteElo "1638"]
[BlackElo "1864"]
[PlyCount "96"]
[EventDate "2022.08.12"]
[EventType "swiss"]
[EventRounds "5"]
[EventCountry "URU"]
[SourceTitle "EXT 2024"]
[Source "ChessBase"]
[SourceDate "2023.10.10"]
[SourceVersion "1"]
[SourceVersionDate "2023.10.10"]
[SourceQuality "1"]

1. e4 e5 2. Nf3 Nc6 3. Bc4 Bc5 4. d3 d6 5. h3 Be6 6. Bb3 h6 7. Be3 Bb6 8. Nbd2 Nf6 9. c3 Nh5 10. Bxb6 Bxb3 11. Nxb3 axb6 12. g3 0-0 13. 0-0 g6 14. d4 Qc8 15. Kg2 Ng7 16. Qc2 f5 17. exf5 Nxf5 18. g4 Nfe7 19. dxe5 dxe5 20. Qe4 Rf4 21. Qe2 Qe6 22. Nbd4 Nxd4 23. cxd4 Qc6 24. Rac1 Qd5 25. Qc4 e4 26. Qxd5+ Nxd5 27. Ne5 e3 28. Nxg6 Rf6 29. Ne5 Rxa2 30. Nd3 c6 31. Rce1 exf2 32. Rxf2 Rxf2+ 33. Kxf2 Nb4 34. Nxb4 Rxb2+ 35. Ke3 Rxb4 36. Ke4 c5 37. Rd1 c4 38. d5 Kf7 39. Ke5 Ke7 40. d6+ Kd7 41. Kf6 Rb3 42. h4 Rh3 43. h5 Rg3 44. Kg6 Rxg4+ 45. Kxh6 c3 46. Rd3 c2 47. Rc3 Rg2 48. Kh7 b5 0-1

[Event "URU Regional Este"]
[Site "Punta del Este"]
[Date "2022.08.13"]
[Round "3"]
[White "Barboza, Mauro"]
[Black "Jasper, Nicolas"]
[Result "1-0"]
[WhiteElo "1864"]
[BlackElo "1703"]
[PlyCount "79"]
[EventDate "2022.08.12"]
[EventType "swiss"]
[EventRounds "5"]
[EventCountry "URU"]
[SourceTitle "EXT 2024"]
[Source "ChessBase"]
[SourceDate "2023.10.10"]
[SourceVersion "1"]
[SourceVersionDate "2023.10.10"]
[SourceQuality "1"]

1. e4 e6 2. d4 d5 3. Bd3 dxe4 4. Bxe4 Nf6 5. Bd3 c5 6. Nf3 Nc6 7. dxc5 Bxc5 8. 0-0 h6 9. Nc3 0-0 10. Bf4 Re8 11. Qe2 Qe7 12. Ne4 Nxe4 13. Qxe4 f5 14. Qc4 Kh8 15. Be5 b6 16. Rfe1 Nxe5 17. Nxe5 Qf6 18. b4 Bd6 19. Qc6 Bxe5 20. Qxe8+ Kh7 21. Rad1 Bc3 22. Qc6 Rb8 23. Re3 Bxb4 24. Bc4 Bc5 25. Rg3 Qe5 26. Qe8 Bxf2+ 27. Kxf2 Qc5+ 28. Ke1 Qe5+ 29. Kf1 Ba6 30. Qg6+ Kh8 31. Bxa6 b5 32. Rgd3 Rg8 33. Rd8 Qf4+ 34. Kg1 Qh4 35. Rxg8+ Kxg8 36. Bxb5 f4 37. Bc4 f3 38. Qxe6+ Kh7 39. Bd3+ g6 40. Qxg6+ 1-0

[Event "URU Regional Este"]
[Site "Punta del Este"]
[Date "2022.08.12"]
[Round "1"]
[White "Barboza, Mauro"]
[Black "Ojeda, Cristhian"]
[Result "1-0"]
[WhiteElo "1864"]
[BlackElo "1611"]
[PlyCount "69"]
[EventDate "2022.08.12"]
[EventType "swiss"]
[EventRounds "5"]
[EventCountry "URU"]
[SourceTitle "EXT 2024"]
[Source "ChessBase"]
[SourceDate "2023.10.10"]
[SourceVersion "1"]
[SourceVersionDate "2023.10.10"]
[SourceQuality "1"]

1. e4 e5 2. Nf3 Nc6 3. d4 exd4 4. c3 Nf6 5. e5 Nd5 6. cxd4 d6 7. exd6 Bxd6 8. Bc4 Be6 9. Ng5 Qd7 10. 0-0 0-0-0 11. Bb5 h6 12. Nxe6 Qxe6 13. Bxc6 Bxh2+ 14. Kxh2 Qxc6 15. Qf3 Qc4 16. Rd1 g5 17. Na3 Qc6 18. Be3 Qg6 19. Nb5 Kb8 20. Nc3 g4 21. Qe4 f5 22. Qe5 Rhe8 23. Qg3 h5 24. Nxd5 Rxd5 25. Rac1 Re7 26. Bf4 h4 27. Bxc7+ Ka8 28. Qa3 g3+ 29. fxg3 hxg3+ 30. Bxg3 Rh7+ 31. Kg1 Rd8 32. Rc3 Qg4 33. Rdc1 Rhh8 34. Qd6 f4 35. Qxf4 1-0

[Event "Montevideo Trebejos op 03"]
[Site "Montevideo"]
[Date "2021.03.10"]
[Round "2"]
[White "Barboza, Mauro"]
[Black "Topolansky, Juan"]
[Result "1/2-1/2"]
[WhiteElo "1839"]
[BlackElo "1842"]
[PlyCount "83"]
[EventDate "2021.03.08"]
[EventType "swiss"]
[EventRounds "6"]
[EventCountry "URU"]
[SourceTitle "EXT 2022"]
[Source "ChessBase"]
[SourceDate "2021.10.06"]
[SourceVersion "1"]
[SourceVersionDate "2021.10.06"]
[SourceQuality "1"]

1. e4 e6 2. d4 d5 3. exd5 exd5 4. Bd3 Nc6 5. c3 Bd6 6. h3 Nge7 7. Nf3 Bf5 8. 0-0 Qd7 9. Re1 f6 10. b4 0-0-0 11. Bxf5 Qxf5 12. Qa4 g5 13. b5 Nb8 14. Ba3 Ng6 15. Bxd6 Rxd6 16. Nbd2 g4 17. hxg4 Qxg4 18. Nh2 Qf5 19. Re3 h5 20. Rae1 h4 21. b6 axb6 22. Re8+ Rxe8 23. Qxe8+ Rd8 24. Qf7 Nc6 25. Nhf3 Nh8 26. Qe6+ Qxe6 27. Rxe6 Rf8 28. Nxh4 Kd7 29. Re3 Nf7 30. Ndf3 Ng5 31. Nxg5 fxg5 32. Nf3 Rg8 33. Ne5+ Nxe5 34. Rxe5 Kd6 35. Kh2 c5 36. Kg3 b5 37. Kg4 b4 38. Re3 bxc3 39. dxc5+ Kxc5 40. Rxc3+ Kd4 41. Rc7 b5 42. g3 1/2-1/2

[Event "Montevideo Contra el Bicho op"]
[Site "Montevideo"]
[Date "2020.09.04"]
[Round "3"]
[White "Barboza, Mauro"]
[Black "Fontora, Richard"]
[Result "1-0"]
[WhiteElo "1855"]
[BlackElo "1263"]
[PlyCount "47"]
[EventDate "2020.08.28"]
[EventType "swiss"]
[EventRounds "6"]
[EventCountry "URU"]
[SourceTitle "EXT 2021"]
[Source "ChessBase"]
[SourceDate "2020.10.23"]
[SourceVersion "1"]
[SourceVersionDate "2020.10.23"]
[SourceQuality "1"]

1. e4 c6 2. d4 d5 3. Nc3 dxe4 4. Nxe4 Bf5 5. Ng3 Bg6 6. Nf3 Nd7 7. Bc4 e6 8. Bb3 Ngf6 9. 0-0 b5 10. Re1 Bd6 11. Qe2 Bxg3 12. hxg3 Qe7 13. Nh4 0-0-0 14. a4 Qb4 15. axb5 Qxb5 16. Bc4 Qb6 17. Ra6 Qxd4 18. Be3 Qxb2 19. Rxa7 Nb8 20. Ba6+ Nxa6 21. Qxa6+ Kb8 22. Bf4+ e5 23. Bxe5+ Qxe5 24. Qb7# 1-0

[Event "Montevideo Glausura op"]
[Site "Montevideo"]
[Date "2019.11.22"]
[Round "6"]
[White "Sardi, Anibal"]
[Black "Barboza, Mauro"]
[Result "1-0"]
[WhiteElo "1567"]
[BlackElo "1887"]
[PlyCount "41"]
[EventDate "2019.11.04"]
[EventType "swiss"]
[EventRounds "6"]
[EventCountry "URU"]
[SourceTitle "CBM 193 Extra"]
[Source "ChessBase"]
[SourceDate "2020.01.31"]
[SourceVersion "1"]
[SourceVersionDate "2020.01.31"]
[SourceQuality "1"]

1. e4 e5 2. f4 exf4 3. Nf3 d5 4. exd5 Qxd5 5. Nc3 Qe6+ 6. Be2 Be7 7. d4 g5 8. 0-0 Nh6 9. Bb5+ c6 10. Re1 Qg4 11. Nd5 Be6 12. Nc7+ Kd8 13. Nxe6+ fxe6 14. Bc4 Qh5 15. Bxe6 Re8 16. d5 c5 17. d6 Bf6 18. Qd5 Nc6 19. Bxf4 Qg6 20. Bd2 g4 21. Qxc6 1-0

[Event "Montevideo Glausura op"]
[Site "Montevideo"]
[Date "2019.11.18"]
[Round "5"]
[White "Barboza, Mauro"]
[Black "Avedisian, Alexander"]
[Result "0-1"]
[WhiteElo "1887"]
[BlackElo "1881"]
[PlyCount "116"]
[EventDate "2019.11.04"]
[EventType "swiss"]
[EventRounds "6"]
[EventCountry "URU"]
[SourceTitle "CBM 193 Extra"]
[Source "ChessBase"]
[SourceDate "2020.01.31"]
[SourceVersion "1"]
[SourceVersionDate "2020.01.31"]
[SourceQuality "1"]

1. e4 c5 2. Nf3 g6 3. d4 cxd4 4. Nxd4 Nf6 5. Nc3 Nc6 6. Be3 Bg7 7. Qd2 0-0 8. f3 d5 9. Nxc6 bxc6 10. e5 Ne8 11. f4 f6 12. Bc4 e6 13. exf6 Nxf6 14. Be2 Ng4 15. Bd4 e5 16. fxe5 Bxe5 17. Bxe5 Nxe5 18. 0-0-0 Rb8 19. Rdf1 Bf5 20. Qd4 Qe7 21. Re1 Rb4 22. Nxd5 cxd5 23. Qxd5+ Nf7 24. Bc4 Qg5+ 25. Kb1 Rxc4 26. Qxc4 Rc8 27. Qb4 Qxg2 28. Rhf1 Qxc2+ 29. Ka1 Qxh2 30. Qd4 Qc7 31. a3 Rd8 32. Qf6 Qb6 33. Qc3 Rc8 34. Qg3 Rb8 35. Qc3 Rc8 36. Qg3 Be6 37. Re3 Rc2 38. Rb1 Qc6 39. Qe1 Ng5 40. Qd1 Qc4 41. Qd8+ Kg7 42. Qe7+ Bf7 43. Qe5+ Kf8 44. Qb8+ Qc8 45. Qe5 Ne6 46. Rf3 Qb7 47. Rd3 Rc5 48. Qf6 Rf5 49. Qc3 Rc5 50. Qf6 Rd5 51. Rc3 Rf5 52. Qh4 Qd7 53. Rbc1 Kg7 54. Qe1 Qd5 55. Rd1 Nd4 56. b3 Nxb3+ 57. Kb2 Nd4 58. Qe7 Qa2+ 0-1

[Event "Montevideo Glausura op"]
[Site "Montevideo"]
[Date "2019.11.15"]
[Round "4"]
[White "Saralegui Cassan, Mario"]
[Black "Barboza, Mauro"]
[Result "1-0"]
[WhiteElo "1986"]
[BlackElo "1887"]
[PlyCount "51"]
[EventDate "2019.11.04"]
[EventType "swiss"]
[EventRounds "6"]
[EventCountry "URU"]
[SourceTitle "CBM 193 Extra"]
[Source "ChessBase"]
[SourceDate "2020.01.31"]
[SourceVersion "1"]
[SourceVersionDate "2020.01.31"]
[SourceQuality "1"]

1. d4 d5 2. c4 c6 3. Nf3 e6 4. Nc3 dxc4 5. a4 Nf6 6. e3 Bb4 7. Bxc4 Nbd7 8. 0-0 0-0 9. Bd3 c5 10. Ne2 b6 11. Ng3 Bb7 12. Qe2 Re8 13. Rd1 Qc7 14. e4 Nf8 15. Bg5 Ng6 16. Bxf6 Nf4 17. Qe3 gxf6 18. e5 fxe5 19. Nxe5 Ng6 20. Nh5 Kh8 21. Nf6 Rg8 22. Nxg6+ Rxg6 23. Bxg6 fxg6 24. Qxe6 c4 25. Ng4 Bd6 26. Qf6+ 1-0

[Event "Montevideo Glausura op"]
[Site "Montevideo"]
[Date "2019.11.11"]
[Round "3"]
[White "Barboza, Mauro"]
[Black "Lopez Falcon, Jorge"]
[Result "1-0"]
[WhiteElo "1887"]
[BlackElo "2144"]
[PlyCount "111"]
[EventDate "2019.11.04"]
[EventType "swiss"]
[EventRounds "6"]
[EventCountry "URU"]
[SourceTitle "CBM 193 Extra"]
[Source "ChessBase"]
[SourceDate "2020.01.31"]
[SourceVersion "1"]
[SourceVersionDate "2020.01.31"]
[SourceQuality "1"]

1. e4 c5 2. c3 d5 3. exd5 Nf6 4. c4 e6 5. dxe6 Bxe6 6. Nf3 Nc6 7. d3 Be7 8. Be2 0-0 9. 0-0 Qd7 10. Nc3 Rad8 11. Bf4 Bf5 12. Ne5 Nxe5 13. Bxe5 Bxd3 14. Re1 Qf5 15. Bxd3 Qxd3 16. Nd5 Rxd5 17. cxd5 Qxd5 18. Qxd5 Nxd5 19. Rad1 Nf6 20. Bd6 Bxd6 21. Rxd6 b6 22. Re7 a6 23. Rxb6 Nd5 24. Reb7 Nxb6 25. Rxb6 h5 26. Rxa6 Rd8 27. g3 c4 28. Ra4 Rb8 29. Rxc4 Rxb2 30. a4 g6 31. Kg2 Kg7 32. h3 g5 33. h4 f6 34. hxg5 fxg5 35. Rc5 Kg6 36. a5 Ra2 37. Rc6+ Kf5 38. a6 g4 39. Kf1 Kg5 40. Ke1 Kf5 41. Kd1 Ke4 42. Rf6 Ke5 43. Rh6 Rxf2 44. Rxh5+ Ke4 45. Ra5 Rf8 46. a7 Ra8 47. Ke2 Kd4 48. Ra4+ Kc5 49. Ke3 Kb5 50. Ra1 Kb6 51. Kf4 Kb7 52. Kxg4 Rg8+ 53. Kf5 Ka8 54. g4 Rf8+ 55. Ke6 Rg8 56. Ra4 1-0

[Event "Montevideo Glausura op"]
[Site "Montevideo"]
[Date "2019.11.08"]
[Round "2"]
[White "Souto, Andres"]
[Black "Barboza, Mauro"]
[Result "0-1"]
[WhiteElo "1250"]
[BlackElo "1887"]
[PlyCount "48"]
[EventDate "2019.11.04"]
[EventType "swiss"]
[EventRounds "6"]
[EventCountry "URU"]
[SourceTitle "CBM 193 Extra"]
[Source "ChessBase"]
[SourceDate "2020.01.31"]
[SourceVersion "1"]
[SourceVersionDate "2020.01.31"]
[SourceQuality "1"]

1. e4 e5 2. Nf3 Nc6 3. Bc4 Bc5 4. 0-0 Nf6 5. d3 h6 6. h3 d6 7. Re1 Na5 8. Nbd2 Nxc4 9. Nxc4 Qe7 10. Be3 Bxe3 11. Nxe3 g5 12. Nf5 Bxf5 13. exf5 g4 14. hxg4 Nxg4 15. Nh2 Nxh2 16. Kxh2 Qg5 17. Qf3 0-0-0 18. Rh1 Rdg8 19. Kg1 Qd2 20. Qd1 Qf4 21. Qh5 Rg4 22. Qxf7 Rhg8 23. Rh2 Qf3 24. g3 Rxg3+ 0-1

[Event "Montevideo Trebejos Primavera op"]
[Site "Montevideo"]
[Date "2019.09.27"]
[Round "6"]
[White "Buscio, Jorge"]
[Black "Barboza, Mauro"]
[Result "0-1"]
[WhiteElo "1449"]
[BlackElo "1919"]
[PlyCount "59"]
[EventDate "2019.09.09"]
[EventType "swiss"]
[EventRounds "6"]
[EventCountry "URU"]
[SourceTitle "CBM 195 Extra"]
[Source "ChessBase"]
[SourceDate "2020.05.31"]
[SourceVersion "1"]
[SourceVersionDate "2020.05.31"]
[SourceQuality "1"]

1. e4 e5 2. Nf3 Nc6 3. Bc4 Bc5 4. 0-0 Nf6 5. Nc3 d6 6. h3 Na5 7. Bb3 Nxb3 8. axb3 0-0 9. d3 a6 10. Bg5 h6 11. Be3 Bxe3 12. fxe3 c6 13. d4 Qe7 14. Qe2 Nh7 15. Rad1 b5 16. dxe5 dxe5 17. Rd2 Nf6 18. Qd3 b4 19. Na4 a5 20. Nb6 Ba6 21. Nc4 Rad8 22. Qe2 Nxe4 23. Rxd8 Rxd8 24. Kh2 Qe6 25. Rd1 Rd5 26. Qe1 f6 27. Nb6 Rxd1 28. Qxd1 Qd6 29. Qe1 Qc5 30. c4 0-1

[Event "Punta del Este Interdepartamental"]
[Site "Punta del Este"]
[Date "2019.08.25"]
[Round "4.2"]
[White "Barboza, Mauro"]
[Black "Campopiano, Julio"]
[Result "1/2-1/2"]
[WhiteElo "1925"]
[BlackElo "1791"]
[PlyCount "41"]
[EventDate "2019.08.23"]
[EventType "team-swiss"]
[EventRounds "5"]
[EventCountry "URU"]
[SourceTitle "EXT 2020"]
[Source "ChessBase"]
[SourceDate "2019.10.17"]
[SourceVersion "1"]
[SourceVersionDate "2019.10.17"]
[SourceQuality "1"]
[WhiteTeam "Rivera"]
[BlackTeam "Paysandu"]
[WhiteTeamCountry "URU"]
[BlackTeamCountry "URU"]

1. e4 d6 2. d4 Nf6 3. Nc3 g6 4. Bc4 Bg7 5. Bb3 0-0 6. Bg5 h6 7. Bh4 c6 8. Nf3 Qc7 9. 0-0 e5 10. dxe5 dxe5 11. Qe2 Nbd7 12. Qe3 b6 13. Rad1 Ba6 14. Rfe1 Kh7 15. Qd2 Rae8 16. Qd6 Qxd6 17. Rxd6 g5 18. Bg3 Bb7 19. Red1 Re7 20. h3 Kg8 21. a3 1/2-1/2

[Event "Montevideo Trebejos op 06"]
[Site "Montevideo"]
[Date "2019.07.03"]
[Round "6"]
[White "Vaz Lacuesta, Leonardo"]
[Black "Barboza, Mauro"]
[Result "1/2-1/2"]
[WhiteElo "2093"]
[BlackElo "1906"]
[PlyCount "158"]
[EventDate "2019.06.19"]
[EventType "swiss"]
[EventRounds "7"]
[EventCountry "URU"]
[SourceTitle "EXT 2020"]
[Source "ChessBase"]
[SourceDate "2019.10.17"]
[SourceVersion "1"]
[SourceVersionDate "2019.10.17"]
[SourceQuality "1"]

1. e4 e5 2. Nf3 Nc6 3. Bb5 a6 4. Ba4 Nf6 5. 0-0 b5 6. Bb3 Be7 7. Re1 0-0 8. c3 d5 9. exd5 Nxd5 10. d4 exd4 11. Nxd4 Nxd4 12. Qxd4 c6 13. Bxd5 cxd5 14. Bf4 Be6 15. Nd2 Re8 16. Rad1 Rc8 17. Be5 Bf8 18. Qf4 f6 19. Bd4 Bd6 20. Qh4 Bf7 21. Nf3 Qd7 22. b4 Rxe1+ 23. Rxe1 Re8 24. Rxe8+ Qxe8 25. Be3 Qc8 26. Qd4 Qf5 27. Qd2 Bh5 28. Ne1 Qe5 29. f4 Qe4 30. Kf2 g5 31. fxg5 Bxh2 32. Nf3 Bxf3 33. gxf3 Qh4+ 34. Ke2 Qc4+ 35. Kd1 Be5 36. gxf6 Bxf6 37. Qg2+ Kf7 38. Qh3 Qd3+ 39. Bd2 Ke7 40. Qg3 Qf5 41. Qc7+ Ke8 42. Qc6+ Kf7 43. Qc7+ Be7 44. Ke2 h5 45. Qf4 Ke6 46. Qe3+ Qe5 47. Kd3 Qxe3+ 48. Kxe3 Kf5 49. Kf2 Bg5 50. Be1 Bf4 51. Kg2 Be3 52. Kg3 Kg5 53. Kh3 Kf4 54. Kg2 h4 55. Bxh4 Kf5 56. Kf1 d4 57. cxd4 Bxd4 58. Ke2 Bb6 59. Bf2 Bc7 60. Be3 a5 61. bxa5 Bxa5 62. Kd3 Ke5 63. Bc1 Kd5 64. Bb2 Bc7 65. Ke3 Kc4 66. Ke4 b4 67. f4 Bd8 68. f5 b3 69. a3 Be7 70. f6 Bf8 71. f7 Be7 72. Ke5 Kd3 73. Ke6 Bf8 74. Bf6 Kc4 75. Bb2 Kd3 76. Bf6 Kc4 77. Kd7 Bxa3 78. Be7 Bxe7 79. Kxe7 b2 1/2-1/2

[Event "Montevideo Trebejos op 06"]
[Site "Montevideo"]
[Date "2019.06.26"]
[Round "3"]
[White "Capretti, Luciano"]
[Black "Barboza, Mauro"]
[Result "0-1"]
[WhiteElo "1500"]
[BlackElo "1906"]
[PlyCount "44"]
[EventDate "2019.06.19"]
[EventType "swiss"]
[EventRounds "7"]
[EventCountry "URU"]
[SourceTitle "EXT 2020"]
[Source "ChessBase"]
[SourceDate "2019.10.17"]
[SourceVersion "1"]
[SourceVersionDate "2019.10.17"]
[SourceQuality "1"]

1. e4 e5 2. Nf3 Nc6 3. d4 exd4 4. Nxd4 Bc5 5. Be3 Qe7 6. Nxc6 dxc6 7. Bxc5 Qxc5 8. Nc3 Nf6 9. h3 0-0 10. Be2 Qb4 11. Rb1 Nxe4 12. a3 Qe7 13. Nxe4 Qxe4 14. f3 Qh4+ 15. Kf1 Bf5 16. Rc1 Rad8 17. Qe1 Qd4 18. c3 Qb6 19. b4 Rfe8 20. Qf2 Rd2 21. Re1 Rexe2 22. Qxb6 cxb6 0-1